| 000 | 00451nam a22001817a 4500 | ||
|---|---|---|---|
| 003 | MPLRDC | ||
| 005 | 20220104123525.0 | ||
| 008 | 210129b ||||| |||| 00| 0 eng d | ||
| 020 | _a957-544-166-4 | ||
| 082 | _a294.1 LYX | ||
| 100 | _a林宜学 | ||
| 245 |
_a住家风水200 项 _c |
||
| 260 |
_a _b龙吟文化事业股份有限 _c1992 |
||
| 300 | _b平 | ||
| 490 | _a先知的智慧. 104 | ||
| 650 | _a堪舆--相宅 | ||
| 942 |
_cBK _o294.1 LYX |
||
| 999 |
_c12103 _d12093 |
||